| 000 | 01559aab a2200217 4500 | ||
|---|---|---|---|
| 001 | 768714001 | ||
| 003 | CO-MdFUSB | ||
| 005 | 20240607171225.0 | ||
| 008 | 170512s1994 cr ||||| |||| 00| 0 spa d | ||
| 022 | _a1409-1968 | ||
| 040 |
_aCO-MdFUSB _bspa _cCO-MdFUSB _dCO-MdFUSB |
||
| 041 | _aspa | ||
| 100 | 1 |
_aSáenz S., Rodolfo _eautor |
|
| 245 | 1 | 0 |
_aCaña cascada y pabilo humeante _c/ Rodolfo Sáenz S. |
| 300 |
_aVolumen 11. Número 6 (1994), página 50 _c: 27 cm. |
||
| 520 | _aLa Iglesia trata a aquellos que, por circunstancias que han vivido, son como "caña cascada y pábilo humeante". Estos creyentes son lavados y limpiados en la sangre de Cristo como cualquier persona que acude a la cruz del calvario para redención. El profeta Isaías manifiesta el carácter y ministerio de Cristo en su capítulo 42 y versículo 3. La caña mencionada crece abundantemente en las orillas de los ríos de Israel, ya que se usaba para elaborar flautas y era una tarea delicada. El pábilo humeante sirve para ilustrar la persona cuyo testimonio se ha vuelto ineficaz. Jesucristo restauraba esas cañas magulladas y convierte en instrumentos musicales que tocaban su canción de gracia. No olvidemos que todos son parte del cuerpo de Cristo y que necesitamos mutuamente. Si no es la Iglesia quien abre sus brazos a estas personas con el mensaje de perdón y restauracion, ¿Quién lo hará? | ||
| 653 | _aRestauración | ||
| 773 | 0 |
_tApuntes Pastorales _049442 _960180 _gVolumen 11. Número 6 (1994), página 50 _qPágina 50 |
|
| 942 | _cANA | ||
| 945 | _aJTF-925 | ||
| 999 |
_c53193 _d53193 |
||